[Event "Arco op 46th"]
[Site "Arco"]
[Date "2024.10.07"]
[Round "3"]
[White "Linnemann, Jan"]
[Black "Sidler, Samuel"]
[Result "0-1"]
[WhiteElo "1606"]
[BlackElo "1817"]
[PlyCount "34"]
[EventDate "2024.10.05"]
[EventType "swiss"]
[EventRounds "9"]
[EventCountry "ITA"]
[SourceTitle "CB44_2024"]
[Source "Chessbase"]
[SourceDate "2024.10.30"]
[SourceVersion "1"]
[SourceVersionDate "2024.10.30"]
[SourceQuality "1"]

1. e4 c5 2. Bc4 e6 3. Nf3 a6 4. a4 Qc7 5. Nc3 d6 6. Qe2 Nd7 7. d4 cxd4 8. Nxd4 Ngf6 9. Nf3 Be7 10. Bf4 e5 11. Bg3 0-0 12. Rd1 Nb6 13. Bb3 Be6 14. Nd5 Nbxd5 15. exd5 Bg4 16. Bh4 e4 17. Bxf6 Bxf6 0-1

[Event "EU-chT Seniors 50"]
[Site "Walbrzych"]
[Date "2018.04.22"]
[Round "9.3"]
[White "Sidler, Samuel"]
[Black "Daleczko, Zbigniew"]
[Result "1-0"]
[WhiteElo "1833"]
[BlackElo "1835"]
[PlyCount "61"]
[EventDate "2018.04.14"]
[EventType "team-swiss"]
[EventRounds "9"]
[EventCountry "POL"]
[SourceTitle "CBM 184 Extra"]
[Source "ChessBase"]
[SourceDate "2018.06.28"]
[SourceVersion "1"]
[SourceVersionDate "2018.06.28"]
[SourceQuality "1"]
[WhiteTeam "Switzerland Spiez 50"]
[BlackTeam "Poland Walbrzych 50"]
[WhiteTeamCountry "SUI"]
[BlackTeamCountry "POL"]

1. e4 c5 2. d4 cxd4 3. c3 dxc3 4. Nxc3 Nc6 5. Nf3 d6 6. Bc4 e6 7. 0-0 Be7 8. Qe2 Nf6 9. Rd1 0-0 10. Bf4 Nh5 11. Bxd6 Bxd6 12. e5 Nf4 13. Qe4 Ng6 14. Rxd6 Qa5 15. Re1 Qc5 16. Rdd1 Ncxe5 17. Nxe5 Nxe5 18. Bb3 Nc6 19. Re3 Qb4 20. Qf3 Nd4 21. Qf4 Nc6 22. Re4 Qc5 23. Qg3 Ne7 24. Re5 Qc7 25. Nb5 Qb8 26. Nd6 Nf5 27. Nxf5 exf5 28. Qe3 Qc7 29. Re7 Qa5 30. Rxf7 h6 31. Rxf5+ 1-0

[Event "EU-chT Seniors 50"]
[Site "Walbrzych"]
[Date "2018.04.19"]
[Round "6.4"]
[White "Ciuro Munoz, Ricardo"]
[Black "Sidler, Samuel"]
[Result "1-0"]
[WhiteElo "1972"]
[BlackElo "1833"]
[PlyCount "85"]
[EventDate "2018.04.14"]
[EventType "team-swiss"]
[EventRounds "9"]
[EventCountry "POL"]
[SourceTitle "CBM 184 Extra"]
[Source "ChessBase"]
[SourceDate "2018.06.28"]
[SourceVersion "1"]
[SourceVersionDate "2018.06.28"]
[SourceQuality "1"]
[WhiteTeam "Spain Ruy Lopez 50"]
[BlackTeam "Switzerland Spiez 50"]
[WhiteTeamCountry "ESP"]
[BlackTeamCountry "SUI"]

1. e4 c5 2. Nf3 e6 3. d3 Nc6 4. g3 b6 5. Bg2 Bb7 6. 0-0 Qc7 7. Re1 d6 8. c3 Nf6 9. Na3 a6 10. Bg5 Be7 11. Rc1 Rd8 12. Qe2 h6 13. Bf4 e5 14. Bd2 0-0 15. Nc4 Rfe8 16. Ne3 d5 17. Nf5 Bf8 18. h3 dxe4 19. dxe4 g6 20. Nxh6+ Kh7 21. Ng4 Nxg4 22. hxg4 Bc8 23. Be3 Be7 24. Ng5+ Kg7 25. Bf3 Rh8 26. Kg2 f6 27. Nh3 g5 28. Rcd1 Bd6 29. Ng1 Kg6 30. Rd2 Rd7 31. Red1 Nd8 32. Qc4 b5 33. Qb3 Nb7 34. Qc2 Rdh7 35. a4 Qe7 36. axb5 axb5 37. Qd3 Bd7 38. Qd5 Be6 39. Qc6 Bc4 40. Be2 Qe6 41. Bxc4 Rh2+ 42. Kf3 Qxc4 43. Qxb7 1-0